000 01335nam a2200373 a 4500
001 vtls000077797
003 NLI
005 20210601194046.0
008 101125s1980 ne 001 0 eng
020 _a9027710953 (pbk) :
_cf 40
039 9 _y201011250821
_zVLOAD
040 0 _aNLI
_beng
_cEntertech-2003
_eAACR2
041 0 _aeng
044 _ane
082 0 4 _a160
100 1 _aFinocchiaro, Maurice A. ,
_d1942-
_9163056
245 1 0 _aGalileo and the art of reasoning :
_brhetorical foundations of logic and scientific method /
_cMaurice A. Finocchiaro
260 _aDordrecht :
_bD. Reidel Pub.,
_cc1980
300 _axix, 478 p. ;
_c23 cm.
440 0 _aBoston studies in the philosophy of science ;
_vv. 61
504 _aIncludes bibliographical references and index
600 1 0 _aGalilei, Galileo,
_d1564-1642
_xLogic
_9182986
600 1 0 _aGalilei, Galileo,
_d1564-1642.
_tDialogo dei massimi sistemi
_9182987
650 0 _aLogic, Modern
_xHistory
_9178055
650 0 _aReasoning
_9135969
650 0 _aScience
_xMethodology
_xHistory
_9136723
650 0 _aSolar system
_xEarly works to 1800
_9182988
650 0 _aAstronomy
_xEarly works to 1800
_9143605
887 _a
901 _a467986
_b27.02.1981
902 _aE160 F498
949 _AVIRTUAITEM
_D10000
_X100
_6PUR000467986ENG
942 _2ddc
_cBKS
999 _aVIRTUA00
_c82811
_d82811